Statistics for First Lines of Mitski Albums

Click here to take the quiz!

General Stats

  • This quiz has been taken 33 times
  • The average score is 5 of 7

Answer Stats

HintAnswer% Correct
Puberty 2Happy came to visit me,
85%
LushI'm beautiful, I know 'cause it's the season,
85%
Retired From Sad, New Career In BusinessThere's nobody better than you.
81%
The Land Is Inhospitable And So Are WeThere's a bug like an angel stuck to the bottom,
70%
Be The CowboyYou're my number one,
70%
Bury Me at Makeout CreekIt's beautiful out today.
63%
Laurel HellLet's step carefully into the dark.
63%

Score Distribution

Percentile by Number Answered

Percent of People with Each Score

Your Score History

You have not taken this quiz